00795nam a22001937a 4500003000900000008004100009040007100050082001500121100002000136245004200156260003300198300004100231505024000272650001300512650001500525650001300540700002300553700002500576AR-CdUCM190319b ||||| |||| 00| 0 spa d aMUNICIPALIDAD PROVINCIAL DEL CUSCOcBIBLIOTECA MUNICIPAL DEL CUSCO a531 /bK58 aKittel, Charles aMecanica :bBerkeley physics course / aBarcelona :bReverte,c1968. avolumenes ;bilustraciones ;c23 cm. aContenido : v.1: Vectores -- Invarianza galileana -- Problemas simples de la mecánica no relativista -- Conservación de la energía -- Conservación de la cantidad de movimiento y del momento cinético -- Oscilador armóico ... aFísica aMecánica aTeoría a D. Knight, Walter aRuderman, Malvin A.